000 00615nam a2200181Ia 4500
008 100921s9999 xx 000 0 und d
082 _b40094
_a891.463 न 05
100 _aलागू चिंतामणी.
245 _aव्हीनस.
260 _bमधुराज प्रकाशन,पुणे.
_c2005
300 _a156
_bमयुरेष बुक एजन्सी,कराड
365 _b150
520 _aललित-कादंबरी.
630 _aव्हीनस.
650 _aललित-कादंबरी.
730 _aव्हीनस.
942 _cBOOK
999 _c789207
_d789204